| 000 | 00461pab a2200181 454500 | ||
|---|---|---|---|
| 008 | 180718b1998 xxu||||| |||| 00| 0 eng d | ||
| 100 | _aBhargava, B.S. | ||
| 245 | _aInstitutional mechanism for decentralised planning | ||
| 260 | _c1998 | ||
| 300 | _ap.35-37,54 | ||
| 362 | _aApr | ||
| 650 | _aDecentralization | ||
| 650 | _aDistrict administration | ||
| 650 | _aDistrict planning | ||
| 700 | _aSamal, Avinash | ||
| 773 | _aKurukshetra | ||
| 909 | _a37633 | ||
| 999 |
_c37633 _d37633 |
||